000
00287nam a2200133Ia 4500
003
OSt
005
20240118153924.0
008
170524s9999 xx 000 0 und d
020
_a
8122418341
040
_c
IIMTU
100
_a
RAO SHANKAR
245
0
_a
NUMERICAL ANALYSIS
942
_2
ddc
_c
02
999
_c
4442
_d
4442